[Event "45th Olympiad 2024"]
[Site "Budapest HUN"]
[Date "2024.09.16"]
[Round "6.25"]
[Board "2"]
[White "Khoroshev, Nikita"]
[Black "Cheng, Bobby"]
[Result "0-1"]
[WhiteTitle "IM"]
[BlackTitle "GM"]
[WhiteElo "2355"]
[BlackElo "2588"]
[WhiteTeam "Kyrgyzstan"]
[BlackTeam "Australia"]
[WhiteFideId "14200287"]
[BlackFideId "4300033"]
[EventDate "2024.09.11"]

1. Nf3 d5 2. g3 Nf6 3. Bg2 e6 4. O-O Be7 5. c4 O-O 6. b3 d4 7. e3 c5 8. exd4
cxd4 9. Ne5 Bd6 10. Re1 Bxe5 11. Rxe5 Nc6 12. Re1 e5 13. d3 Bg4 14. Qd2 Re8 15.
Na3 Qd7 16. Bb2 Bh3 17. Bh1 a6 18. c5 Be6 19. Nc4 Bxc4 20. bxc4 Re7 21. Rab1
Rae8 22. f3 h5 23. Re2 h4 24. Rbe1 Qf5 25. Ba3 Nh5 26. Rg2 hxg3 27. hxg3 Qxf3
28. Bc1 e4 29. Rh2 Qxg3+ 30. Rg2 e3 31. Qe2 Qe5 32. Qg4 Re6 33. Rf1 Rg6 34. Qd7
Rxg2+ 35. Bxg2 Nf6 36. Qxb7 e2 37. Qxc6 e1=Q 0-1

[Event "45th Olympiad 2024"]
[Site "Budapest HUN"]
[Date "2024.09.16"]
[Round "6.25"]
[Board "3"]
[White "Sardana, Rishi"]
[Black "Orozbaev, Eldiyar"]
[Result "1-0"]
[WhiteTitle "IM"]
[BlackTitle "FM"]
[WhiteElo "2477"]
[BlackElo "2376"]
[WhiteTeam "Australia"]
[BlackTeam "Kyrgyzstan"]
[WhiteFideId "25004301"]
[BlackFideId "13802240"]
[EventDate "2024.09.11"]

1. e4 c5 2. Nf3 d6 3. Bb5+ Nd7 4. O-O a6 5. Be2 Ngf6 6. d3 g6 7. c4 Bg7 8. Nc3
O-O 9. d4 cxd4 10. Nxd4 Qc7 11. Be3 Ne5 12. Nd5 Qd8 13. f3 Bd7 14. Qd2 Nc6 15.
Nb3 b5 16. cxb5 axb5 17. Nxf6+ Bxf6 18. Bxb5 Na5 19. Be2 Nxb3 20. axb3 Be6 21.
b4 d5 22. exd5 Qxd5 23. Qxd5 Bxd5 24. Rxa8 Rxa8 25. Rd1 e6 26. Bd4 Bg5 27. Kf2
Be7 28. Bc5 Bf6 29. Bd4 Be7 30. Bc3 Kf8 31. Ke3 g5 32. g3 h5 33. f4 g4 34. b5
Ra4 35. Bd4 f6 36. Rc1 Ke8 37. Bd3 Bd8 38. Rc3 Kd7 39. Bc5 Ra2 40. Rc2 Bc7 41.
Bd4 Bb3 42. Rc3 Bd5 43. Bc4 Bxc4 44. Rxc4 e5 45. fxe5 fxe5 46. Bc3 Ra1 47. Rc6
Bd6 48. Ke4 Rh1 49. Kd5 Rd1+ 50. Ke4 Rh1 51. Ra6 h4 52. gxh4 Bb8 53. Rg6 Rxh2
54. Rxg4 Rh1 55. Rg7+ Kc8 56. Rh7 Bc7 57. h5 Kb8 58. h6 Rh4+ 59. Kd5 e4 60. Kc6
e3 61. Rh8+ 1-0

[Event "45th Olympiad 2024"]
[Site "Budapest HUN"]
[Date "2024.09.16"]
[Round "6.25"]
[Board "4"]
[White "Abdyzhapar, Asylbek"]
[Black "Smerdon, David C"]
[Result "0-1"]
[WhiteTitle "IM"]
[BlackTitle "GM"]
[WhiteElo "2357"]
[BlackElo "2475"]
[WhiteTeam "Kyrgyzstan"]
[BlackTeam "Australia"]
[WhiteFideId "13800337"]
[BlackFideId "3202305"]
[EventDate "2024.09.11"]

1. d4 Nf6 2. c4 g6 3. Nf3 Bg7 4. g3 O-O 5. Bg2 d6 6. O-O c6 7. Nc3 Bf5 8. Re1
Ne4 9. Qb3 Nxc3 10. bxc3 Qb6 11. e4 Bc8 12. e5 dxe5 13. Nxe5 Re8 14. c5 Qxb3 15.
axb3 Be6 16. b4 Bxe5 17. Rxe5 Nd7 18. Re1 Bc4 19. Bg5 f6 20. Bh3 Nxc5 21. bxc5
fxg5 22. Bd7 Red8 23. Rxe7 Kf8 24. Rae1 a5 25. Bg4 Re8 26. Rxe8+ Rxe8 27. Ra1 a4
28. f4 h5 29. Bh3 gxf4 30. Rxa4 Bb5 31. Rb4 Re1+ 32. Kf2 Re2+ 33. Kf3 Rxh2 34.
Bc8 fxg3 35. c4 Ba6 36. d5 h4 37. dxc6 Rf2+ 38. Ke3 bxc6 39. Bxa6 Rf5 40. Rb1 g2
41. Ke2 h3 42. Bc8 h2 43. Bxf5 gxf5 44. Kf2 h1=Q 0-1

[Event "45th Olympiad 2024"]
[Site "Budapest HUN"]
[Date "2024.09.16"]
[Round "6.26"]
[Board "1"]
[White "Bogner, Sebastian"]
[Black "Atabayev, Saparmyrat"]
[Result "1-0"]
[WhiteTitle "GM"]
[BlackTitle "IM"]
[WhiteElo "2545"]
[BlackElo "2516"]
[WhiteTeam "Switzerland"]
[BlackTeam "Turkmenistan"]
[WhiteFideId "4692055"]
[BlackFideId "14000571"]
[EventDate "2024.09.11"]

1. e4 e5 2. Nf3 Nc6 3. Bc4 Nf6 4. d3 Bc5 5. Nc3 O-O 6. Bg5 Be7 7. h3 d6 8. a4
Be6 9. Bxf6 Bxf6 10. Bxe6 fxe6 11. O-O Qe8 12. Nb5 Qd7 13. c3 Ne7 14. g3 Rf7 15.
Kg2 Raf8 16. Na3 Ng6 17. Nc4 Qd8 18. Nh2 Bg5 19. Qe2 Re8 20. Na3 d5 21. Nc2 Be7
22. Ne1 a5 23. Qg4 Bc5 24. Nef3 Rf6 25. h4 Ref8 26. h5 Ne7 27. d4 exd4 28. e5
Rf5 29. cxd4 Bb6 30. Nh4 R5f7 31. Qxe6 Nc6 32. N2f3 Nxd4 33. Nxd4 Bxd4 34. f4
Re8 35. Qg4 Bxb2 36. Rab1 Bc3 37. e6 Rf6 38. f5 Bb4 39. Nf3 Qd6 40. h6 Rxh6 41.
Rh1 Qc5 42. Rbc1 Qe3 43. Rxh6 Qxh6 44. Rxc7 Bd6 45. Rd7 Rc8 46. Qh4 Qc1 47. Rxd6
Rc2+ 48. Kh3 Qf1+ 49. Kg4 h6 50. Rd8+ 1-0

[Event "45th Olympiad 2024"]
[Site "Budapest HUN"]
[Date "2024.09.16"]
[Round "6.26"]
[Board "2"]
[White "Annaberdiyev, Meylis"]
[Black "Pelletier, Yannick"]
[Result "0-1"]
[WhiteTitle "GM"]
[BlackTitle "GM"]
[WhiteElo "2431"]
[BlackElo "2526"]
[WhiteTeam "Turkmenistan"]
[BlackTeam "Switzerland"]
[WhiteFideId "14000563"]
[BlackFideId "1301837"]
[EventDate "2024.09.11"]

1. e4 e6 2. d4 d5 3. e5 c5 4. c3 Nc6 5. Nf3 Bd7 6. Be2 Nge7 7. O-O cxd4 8. cxd4
Nf5 9. Nc3 a6 10. Bg5 Be7 11. Bxe7 Qxe7 12. Qd2 Rc8 13. Rae1 O-O 14. Bd1 Qb4 15.
a3 Qb6 16. Ba4 Rfd8 17. Bxc6 Bxc6 18. Rb1 Be8 19. Rfd1 Rc4 20. h4 Rdc8 21. g4
Nh6 22. Qf4 Qc7 23. Ne2 f6 24. exf6 Qxf4 25. Nxf4 Nxg4 26. fxg7 Rc2 27. Ne1 Rxf2
28. Ned3 Rf3 29. Kg2 Re3 30. Rbc1 Rc4 31. b3 Rc6 32. Rxc6 Bxc6 33. Re1 Bb5 34.
Rxe3 Nxe3+ 35. Kf2 Nf5 36. Nc5 Nxd4 37. a4 Be8 38. Ncxe6 Nxe6 39. Nxe6 Bd7 40.
Nc5 Bc6 41. a5 Kxg7 42. Kg3 Kf6 43. Kf4 d4 44. b4 Bd5 45. Nd3 Ke6 46. Ne5 Bg2
47. h5 Kd5 48. h6 Bh1 49. Nd7 Kc4 50. Nf6 d3 51. Ke3 Kc3 52. Nxh7 d2 0-1

[Event "45th Olympiad 2024"]
[Site "Budapest HUN"]
[Date "2024.09.16"]
[Round "6.26"]
[Board "3"]
[White "Georgiadis, Nico"]
[Black "Hommadov, Amanmuhammet"]
[Result "1-0"]
[WhiteTitle "GM"]
[WhiteElo "2510"]
[BlackElo "2181"]
[WhiteTeam "Switzerland"]
[BlackTeam "Turkmenistan"]
[WhiteFideId "1300113"]
[BlackFideId "14005514"]
[EventDate "2024.09.11"]

1. c4 Nf6 2. g3 g6 3. Bg2 Bg7 4. d4 O-O 5. Nc3 c6 6. e4 d6 7. h3 e5 8. Nge2 exd4
9. Nxd4 Nbd7 10. O-O Nc5 11. Re1 a5 12. Bf4 Ne8 13. Be3 a4 14. Nxc6 bxc6 15.
Bxc5 a3 16. Bd4 axb2 17. Rb1 Ra3 18. Re3 Bh6 19. f4 Be6 20. Rxb2 Bxc4 21. Nd5
Rxe3 22. Nxe3 Be6 23. a4 Nc7 24. Bb6 Bg7 25. Rd2 Qb8 26. a5 Nb5 27. Kh2 c5 28.
Qa4 Nd4 29. Nc4 h5 30. h4 Kh7 31. Rf2 Rc8 32. f5 Bxc4 33. Qxc4 Nc6 34. Qxf7 Ne5
35. fxg6+ Kh8 36. Qf5 Ng4+ 37. Kg1 Nxf2 38. Qxh5+ Kg8 39. Qd5+ Kh8 40. Qh5+ Kg8
41. e5 Nh3+ 42. Kh2 1-0

[Event "45th Olympiad 2024"]
[Site "Budapest HUN"]
[Date "2024.09.16"]
[Round "6.26"]
[Board "4"]
[White "Shirliyev, Allayar"]
[Black "Kurmann, Oliver"]
[Result "1/2-1/2"]
[BlackTitle "IM"]
[WhiteElo "2200"]
[BlackElo "2421"]
[WhiteTeam "Turkmenistan"]
[BlackTeam "Switzerland"]
[WhiteFideId "14004160"]
[BlackFideId "1308173"]
[EventDate "2024.09.11"]

1. e4 c5 2. Nc3 e6 3. f4 d5 4. Nf3 dxe4 5. Nxe4 Nc6 6. Bb5 Bd7 7. Qe2 Nh6 8.
Bxc6 Bxc6 9. d3 Be7 10. Ne5 Rc8 11. Bd2 Nf5 12. Nxc6 Rxc6 13. Bc3 O-O 14. O-O b5
15. b3 Nd4 16. Bxd4 cxd4 17. a4 b4 18. Rac1 Qc7 19. Qd1 Rc8 20. Nd2 Rxc2 21. Nc4
Rc3 22. Rb1 g6 23. Rb2 h5 24. g3 Rd8 25. Re2 Rd5 26. h3 Rf5 27. Re5 Rxe5 28.
fxe5 f5 29. h4 Bf8 30. Kh2 Bh6 31. Kh3 Kh7 32. Kh2 Qg7 33. Rf2 g5 34. Qxh5 Rxd3
35. hxg5 Qxg5 36. Qf7+ Bg7 37. Kh1 Rd1+ 38. Kg2 Qh6 39. Rf1 Rxf1 40. Kxf1 d3 41.
Kg2 a6 42. Qd7 d2 43. Nxd2 Qe3 44. Nc4 Qxb3 45. Qxe6 Qc2+ 46. Kh3 Qe4 47. Kh2 b3
48. Qf7 Qe2+ 49. Kh3 Qg4+ 50. Kh2 Qg6 51. Qd5 Qh5+ 52. Kg1 Qg4 53. Kf2 Qe4 1/2-1/2

[Event "45th Olympiad 2024"]
[Site "Budapest HUN"]
[Date "2024.09.16"]
[Round "6.27"]
[Board "1"]
[White "Zambrana, Osvaldo"]
[Black "Supi, Luis Paulo"]
[Result "1/2-1/2"]
[WhiteTitle "GM"]
[BlackTitle "GM"]
[WhiteElo "2405"]
[BlackElo "2570"]
[WhiteTeam "Bolivia"]
[BlackTeam "Brazil"]
[WhiteFideId "3300200"]
[BlackFideId "2106388"]
[EventDate "2024.09.11"]

1. e4 e5 2. Nf3 Nc6 3. Bc4 Nf6 4. d3 Bc5 5. O-O d6 6. c3 a6 7. a4 h6 8. Na3 O-O
9. Nc2 Ba7 10. Be3 Bb8 11. a5 Ne7 12. Re1 Ng6 13. Bb3 Re8 14. Qb1 Nh5 15. Na3
Nhf4 16. Bd1 d5 17. exd5 Qxd5 18. Bxf4 Nxf4 19. d4 e4 20. Bc2 Bf5 21. Nh4 Bh7
22. f3 f5 23. g3 Nh3+ 24. Kf1 Kh8 25. Qa2 Qd7 26. Nc4 Ba7 27. Qa4 c6 28. Kg2 g5
29. Kxh3 gxh4 30. f4 Qg7 31. Bd1 hxg3 32. hxg3 h5 33. Rg1 Re6 34. Be2 Rg8 35.
Ne5 Bb8 36. Qb3 Rf6 37. c4 Bxe5 38. dxe5 Rg6 39. Qc3 h4 40. e6 Qxc3 41. bxc3
hxg3 42. e7 Rh6+ 43. Kg2 Re6 44. Rad1 Rxe7 45. c5 Bg6 46. Rh1+ Rh7 47. Rxh7+
Bxh7 48. Rd7 Rg7 49. Rd8+ Rg8 50. Rd7 Rg7 51. Rd8+ Bg8 52. Rf8 Rf7 53. Rxf7 Bxf7
54. Kxg3 Kg7 55. Kf2 Kf6 56. Ke3 Bb3 57. Kd4 Ke6 58. Bh5 Kf6 59. Be2 Ke6 60. Bh5
Bc2 61. Be2 Bd3 62. Bd1 Bf1 63. Bb3+ Kf6 64. Ke3 Bg2 65. Bc4 Bh3 66. Ba2 Bg4 67.
Bb3 Bf3 68. Ba2 Bg4 69. Bb3 Bh5 70. Bc4 Bg6 71. Bb3 Bf7 72. Bd1 Bg6 73. Bb3 Bf7
74. Bd1 Ba2 75. Kd4 Bb1 76. Ke3 Ba2 77. Kd4 Bf7 78. Ke3 Ba2 79. Kd4 Ke6 80. Be2
Bb3 81. Bh5 Ba4 82. Be2 Bb3 1/2-1/2

[Event "45th Olympiad 2024"]
[Site "Budapest HUN"]
[Date "2024.09.16"]
[Round "6.27"]
[Board "2"]
[White "Fier, Alexandr"]
[Black "Gemy, Jose Daniel"]
[Result "1-0"]
[WhiteTitle "GM"]
[BlackTitle "IM"]
[WhiteElo "2551"]
[BlackElo "2315"]
[WhiteTeam "Brazil"]
[BlackTeam "Bolivia"]
[WhiteFideId "2107139"]
[BlackFideId "3301478"]
[EventDate "2024.09.11"]

1. c4 Nf6 2. Nc3 e6 3. e4 c5 4. e5 Ng8 5. Nf3 Nc6 6. d4 cxd4 7. Nxd4 Nxe5 8.
Ndb5 a6 9. Nd6+ Bxd6 10. Qxd6 f6 11. Be3 Ne7 12. Bb6 Nf5 13. Qb4 Nc6 14. Qc5 Qe7
15. O-O-O Qxc5 16. Bxc5 d6 17. Ba3 Ke7 18. Bd3 Nfd4 19. Rhe1 Rd8 20. f4 Kf7 21.
Ne4 d5 22. Nd6+ Kg8 23. b3 dxc4 24. bxc4 b5 25. Be4 b4 26. Bxb4 Nxb4 27. Rxd4
Rb8 28. a3 Nd5 29. c5 Nc7 30. Bc6 Rb3 31. Red1 e5 32. fxe5 fxe5 33. R4d3 Rb8 34.
Re1 Bf5 35. Be4 Bxe4 36. Rxe4 Nb5 37. Rxe5 Nxd6 38. cxd6 Rbc8+ 39. Kb2 Rc6 40.
d7 Kf7 41. Kb3 Rc7 42. Red5 Ke6 43. Rd6+ Ke7 44. Kb4 Rb7+ 45. Kc5 Rb1 46. Rd1
Rb5+ 47. Kc6 Re5 48. Kc7 a5 49. Rc6 a4 50. Rdd6 1-0

[Event "45th Olympiad 2024"]
[Site "Budapest HUN"]
[Date "2024.09.16"]
[Round "6.27"]
[Board "3"]
[White "Pinto, Daniel"]
[Black "Quintiliano, Renato R."]
[Result "0-1"]
[WhiteTitle "FM"]
[BlackTitle "GM"]
[WhiteElo "2273"]
[BlackElo "2499"]
[WhiteTeam "Bolivia"]
[BlackTeam "Brazil"]
[WhiteFideId "3303144"]
[BlackFideId "2117568"]
[EventDate "2024.09.11"]

1. e4 c5 2. Nf3 d6 3. c3 Nf6 4. Be2 g6 5. O-O Bg7 6. Bb5+ Nc6 7. Re1 O-O 8. h3
e5 9. d4 exd4 10. cxd4 cxd4 11. Nxd4 Nxd4 12. Qxd4 a6 13. Ba4 Be6 14. Qd1 d5 15.
e5 Ne4 16. Nd2 Bxe5 17. Nxe4 dxe4 18. Rxe4 Bg7 19. Qe2 Bd5 20. Re7 Qa5 21. Bd7
Rad8 22. Bd2 Qb6 23. Bc3 Bxc3 24. bxc3 Bxg2 25. Kxg2 Rxd7 26. Rxd7 Qc6+ 27. Qf3
Qxd7 28. Rd1 Qc7 29. Rb1 b5 30. Qf6 Qb7+ 31. Kg1 Qc8 32. Kg2 Qc4 33. Rb2 Qd5+
34. Kg1 Re8 35. Qd4 Re1+ 36. Kh2 Qh1+ 37. Kg3 Rg1+ 38. Kf4 Qxh3 39. Qd8+ Kg7 40.
Qd4+ f6 41. f3 Re1 0-1

[Event "45th Olympiad 2024"]
[Site "Budapest HUN"]
[Date "2024.09.16"]
[Round "6.27"]
[Board "4"]
[White "Di Berardino, Diego Rafael"]
[Black "Montevilla Cahuasa, Jonathan I."]
[Result "1/2-1/2"]
[WhiteTitle "IM"]
[WhiteElo "2472"]
[BlackElo "2064"]
[WhiteTeam "Brazil"]
[BlackTeam "Bolivia"]
[WhiteFideId "2105446"]
[BlackFideId "3322220"]
[EventDate "2024.09.11"]

1. d4 Nf6 2. c4 e6 3. Nf3 Bb4+ 4. Bd2 Qe7 5. g3 Bxd2+ 6. Qxd2 Nc6 7. Nc3 d5 8.
Bg2 dxc4 9. Ne5 Nxe5 10. dxe5 Nd7 11. Qd4 O-O 12. O-O Nb6 13. Rfd1 Rb8 14. a4 a5
15. Nb5 Bd7 16. Nxc7 Bxa4 17. Qd6 Qd7 18. Qxd7 Bxd7 19. Rd6 Rfc8 20. Rxb6 Rxc7
21. Rxa5 g6 22. Ra7 Bc6 23. Bxc6 Rxc6 24. Rbxb7 Rxb7 25. Rxb7 c3 26. bxc3 Rxc3
27. f4 h5 28. Kf2 Kg7 29. Rd7 Ra3 30. Rd3 Ra1 31. h3 Ra4 32. Kf3 Ra1 33. g4
hxg4+ 34. hxg4 Rf1+ 35. Kg3 Rg1+ 36. Kh3 Re1 37. Rd2 Rf1 38. Kg3 Rg1+ 39. Kf3
Rf1+ 40. Ke4 Rg1 41. Kf3 Rf1+ 42. Kg3 Rg1+ 43. Kh3 Rf1 44. Rd4 Re1 45. Re4 Rg1
46. Re3 Rf1 47. Rf3 Re1 48. Rf2 Ra1 49. Kg3 Ra3+ 50. Rf3 Ra2 51. Kf2 Ra4 52. Kg3
Ra2 53. Re3 Ra1 54. Re4 Ra3+ 55. Kf2 Rb3 56. Ra4 Rb5 57. Ra7 g5 58. e3 gxf4 59.
exf4 Rb2+ 60. Kg3 Rb3+ 61. Kh4 Rf3 62. Kg5 Re3 63. Ra5 Re1 64. Ra3 Re2 65. Kh4
Re1 66. Ra4 Re3 67. Rc4 Kg6 68. Rc6 Kg7 69. Ra6 Kh6 70. Ra8 Kg7 71. Kg5 Re1 72.
Ra5 Re3 73. Ra1 Re2 74. Rf1 Re4 75. Rf3 Re1 76. Kh4 Rh1+ 77. Rh3 Rg1 78. Re3 Kg6
79. Rf3 Kg7 80. Rf2 Ra1 81. Kg3 Ra3+ 82. Rf3 Ra5 83. Re3 Kg6 84. Kf3 Ra1 85. Kg2
Ra2+ 86. Kg3 Ra1 87. Rc3 Rg1+ 88. Kh3 Rf1 89. Rc4 Rf3+ 90. Kg2 Ra3 91. Rc6 Kg7
92. Rd6 Re3 93. Kf2 Re4 94. Kf3 Re1 95. Ra6 Kh7 96. Rb6 Kg7 97. Rb8 Kh7 98. Kf2
Re4 99. Kg3 Kg7 100. Rb1 Re3+ 101. Kf2 Ra3 102. Rb5 Ra2+ 103. Kg3 Ra3+ 104. Kh4
Rf3 105. Kg5 Re3 106. f5 exf5 107. Kxf5 Rf3+ 108. Kg5 Re3 109. Kf4 Ra3 110. Rb7
Ra6 111. Kf5 Re6 112. Rd7 Rb6 113. Rd5 Rb1 114. Rd7 Rb6 115. Rd6 Rb1 116. e6
fxe6+ 117. Rxe6 Rb5+ 118. Kf4 Ra5 119. Kg3 Rb5 120. Ra6 Rc5 121. Kh4 Rb5 122. g5
Rb1 123. Ra7+ Kg6 124. Ra6+ Kg7 1/2-1/2

[Event "45th Olympiad 2024"]
[Site "Budapest HUN"]
[Date "2024.09.16"]
[Round "6.28"]
[Board "3"]
[White "Lokander, Martin"]
[Black "Ahmed, Fareed"]
[Result "1-0"]
[WhiteTitle "IM"]
[BlackTitle "FM"]
[WhiteElo "2469"]
[BlackElo "2061"]
[WhiteTeam "Sweden"]
[BlackTeam "United Arab Emirates"]
[WhiteFideId "1709569"]
[BlackFideId "9303677"]
[EventDate "2024.09.11"]

1. d4 Nf6 2. c4 e6 3. Nc3 Bb4 4. e3 c5 5. Ne2 cxd4 6. exd4 d5 7. c5 Ne4 8. a3
Nxc3 9. Nxc3 Bxc3+ 10. bxc3 O-O 11. Bd3 b6 12. Qh5 g6 13. Qh6 Ba6 14. Bxa6 Nxa6
15. h4 bxc5 16. h5 Qf6 17. Rh3 cxd4 18. hxg6 Qxg6 19. Rg3 dxc3 20. Bf4 Nc5 21.
Bd6 Rfc8 22. Rxg6+ fxg6 23. Ke2 a5 24. Rh1 Ra7 25. Qe3 1-0

[Event "45th Olympiad 2024"]
[Site "Budapest HUN"]
[Date "2024.09.16"]
[Round "6.28"]
[Board "4"]
[White "Sultan, Ibrahim"]
[Black "Pantzar, Milton"]
[Result "0-1"]
[WhiteTitle "IM"]
[BlackTitle "IM"]
[WhiteElo "2206"]
[BlackElo "2437"]
[WhiteTeam "United Arab Emirates"]
[BlackTeam "Sweden"]
[WhiteFideId "9301143"]
[BlackFideId "1721003"]
[EventDate "2024.09.11"]

1. d4 d5 2. c4 e6 3. Nc3 Nf6 4. Nf3 c6 5. e3 Nbd7 6. Be2 Be7 7. b3 O-O 8. O-O b6
9. Bb2 Bb7 10. Bd3 h6 11. Qe2 dxc4 12. Bxc4 b5 13. Bd3 b4 14. Na4 c5 15. Nxc5
Bxc5 16. dxc5 Nxc5 17. Bc4 Nfe4 18. Rfd1 Qe7 19. Rac1 Rfd8 20. Nd4 Rac8 21. f3
Nd6 22. Bd3 Nxd3 23. Qxd3 Qg5 24. Rxc8 Nxc8 25. Qe2 Ne7 26. Nc2 Rxd1+ 27. Qxd1
Nd5 28. Qd4 Qg6 29. g3 f5 30. Qxa7 Qf7 31. Qb8+ Kh7 32. Kg2 Nc3 33. Bxc3 bxc3
34. Qf4 g5 35. Qc4 g4 36. Qxc3 gxf3+ 37. Kf2 Bd5 38. Nb4 Be4 39. Nd3 Qa7 40. Ne5
Qxa2+ 0-1

[Event "45th Olympiad 2024"]
[Site "Budapest HUN"]
[Date "2024.09.16"]
[Round "6.29"]
[Board "1"]
[White "Makhnev, Denis"]
[Black "Barrish, Daniel"]
[Result "1-0"]
[WhiteTitle "GM"]
[BlackTitle "FM"]
[WhiteElo "2551"]
[BlackElo "2281"]
[WhiteTeam "Kazakhstan"]
[BlackTeam "South Africa"]
[WhiteFideId "13707647"]
[BlackFideId "14304600"]
[EventDate "2024.09.11"]

1. d4 Nf6 2. c4 e6 3. Nf3 b6 4. g3 Bb7 5. Bg2 Bb4+ 6. Nbd2 O-O 7. O-O Be7 8. Re1
c5 9. e4 d5 10. cxd5 exd5 11. e5 Ne4 12. dxc5 Nxd2 13. Nxd2 bxc5 14. Nc4 Bc6 15.
Ne3 d4 16. Nf5 g6 17. Nh6+ Kg7 18. Ng4 Re8 19. Bh6+ Kg8 20. Bf3 Qb6 21. e6 f6
22. Rc1 a5 23. h4 Qb7 24. Bxc6 Qxc6 25. h5 Qd5 26. Ne3 Qxe6 27. Ng4 Qf7 28. Bg5
Kf8 29. Bh6+ Kg8 30. Bg5 Kf8 31. Rxe7 Rxe7 32. Nxf6 Re5 33. Nxh7+ Qxh7 34. Qf3+
Rf5 35. Qxa8 Rxg5 36. Qxb8+ Kg7 37. Re1 Kh6 38. Re8 1-0

[Event "45th Olympiad 2024"]
[Site "Budapest HUN"]
[Date "2024.09.16"]
[Round "6.29"]
[Board "2"]
[White "Karsten, Jan"]
[Black "Nogerbek, Kazybek"]
[Result "0-1"]
[WhiteTitle "IM"]
[BlackTitle "GM"]
[WhiteElo "2311"]
[BlackElo "2519"]
[WhiteTeam "South Africa"]
[BlackTeam "Kazakhstan"]
[WhiteFideId "14350653"]
[BlackFideId "13710427"]
[EventDate "2024.09.11"]

1. e4 e5 2. Nf3 Nc6 3. Bb5 a6 4. Ba4 Nf6 5. O-O Be7 6. Re1 b5 7. Bb3 O-O 8. a4
d5 9. axb5 dxe4 10. bxc6 exf3 11. Qxf3 e4 12. Qg3 Ng4 13. Rxe4 Bh4 14. Qf4 Bxf2+
15. Kh1 Bc5 16. d4 Bd6 17. Qf3 Qh4 18. Kg1 Qxh2+ 19. Kf1 Qh1+ 20. Ke2 Qxc1 0-1

[Event "45th Olympiad 2024"]
[Site "Budapest HUN"]
[Date "2024.09.16"]
[Round "6.29"]
[Board "3"]
[White "Suleymenov, Alisher"]
[Black "Levitan, Caleb Levi"]
[Result "1-0"]
[WhiteTitle "GM"]
[BlackTitle "FM"]
[WhiteElo "2484"]
[BlackElo "2193"]
[WhiteTeam "Kazakhstan"]
[BlackTeam "South Africa"]
[WhiteFideId "13707833"]
[BlackFideId "14332620"]
[EventDate "2024.09.11"]

1. Nf3 d5 2. g3 Nd7 3. d4 Ngf6 4. Bg2 Nb6 5. O-O h6 6. Ne5 Bf5 7. c4 e6 8. c5
Nbd7 9. c6 bxc6 10. Nxc6 Qc8 11. Nc3 Qb7 12. Ne5 c6 13. Nxd7 Nxd7 14. e4 Bh7 15.
Re1 Be7 16. Qg4 Bg6 17. exd5 cxd5 18. Rxe6 Nb6 19. Re5 Rd8 20. h4 Kf8 21. h5 Bh7
22. b3 Bd6 23. Re2 g5 24. hxg6 Bxg6 25. Qh4 Kg7 26. Bxh6+ Rxh6 27. Qxd8 Qc6 28.
Re3 Bc7 29. Qe8 Qf6 30. Qe7 Bd8 31. Qxf6+ Bxf6 32. Rd1 Rh5 33. f4 Rh8 34. g4 Bc2
35. Rd2 1-0

[Event "45th Olympiad 2024"]
[Site "Budapest HUN"]
[Date "2024.09.16"]
[Round "6.30"]
[Board "1"]
[White "Neiksans, Arturs"]
[Black "Mandizha, Farai"]
[Result "1/2-1/2"]
[WhiteTitle "GM"]
[BlackTitle "IM"]
[WhiteElo "2571"]
[BlackElo "2371"]
[WhiteTeam "Latvia"]
[BlackTeam "Zimbabwe"]
[WhiteFideId "11601388"]
[BlackFideId "11000430"]
[EventDate "2024.09.11"]

1. e4 c5 2. Nf3 d6 3. Bb5+ Bd7 4. c4 g6 5. d4 Bg7 6. O-O cxd4 7. Nxd4 Nc6 8. Be3
Nf6 9. f3 O-O 10. Nc3 Ne5 11. b3 Bxb5 12. Ndxb5 a6 13. Nd4 Rc8 14. Rc1 e6 15. h3
Qa5 16. Qd2 Rfd8 17. Rfd1 h5 18. Bg5 Ned7 19. Kh1 Re8 20. Nde2 Rc6 21. Bf4 Bf8
22. Nd5 Qxd2 23. Nxf6+ Nxf6 24. Rxd2 Rec8 25. Rcd1 e5 26. Bg5 Nh7 27. Be3 b5 28.
cxb5 axb5 29. g4 hxg4 30. hxg4 Be7 31. Kg2 Kg7 32. Rd5 b4 33. R1d2 Rc2 34. Kf2
Bh4+ 35. Kg2 Be7 36. Kf2 Bh4+ 37. Kg2 Be7 38. Kf2 1/2-1/2

[Event "45th Olympiad 2024"]
[Site "Budapest HUN"]
[Date "2024.09.16"]
[Round "6.30"]
[Board "2"]
[White "Makoto, Rodwell"]
[Black "Meshkovs, Nikita"]
[Result "1-0"]
[WhiteTitle "IM"]
[BlackTitle "GM"]
[WhiteElo "2311"]
[BlackElo "2534"]
[WhiteTeam "Zimbabwe"]
[BlackTeam "Latvia"]
[WhiteFideId "11000120"]
[BlackFideId "11602740"]
[EventDate "2024.09.11"]

1. Nf3 Nf6 2. g3 d5 3. Bg2 e6 4. O-O Be7 5. c4 O-O 6. d4 dxc4 7. Qc2 b5 8. a4 b4
9. Nfd2 Nd5 10. Nxc4 c5 11. dxc5 Ba6 12. b3 Nc6 13. Bb2 Bxc5 14. Rd1 Qe7 15.
Nbd2 f5 16. e3 Rac8 17. Nf3 Nb6 18. Nfe5 Nxe5 19. Nxe5 Bb7 20. Qe2 Bxg2 21. Kxg2
Qb7+ 22. Qf3 Nd5 23. Kg1 Rc7 24. Nc4 Nc3 25. Qxb7 Rxb7 26. Rd3 Be7 27. Kg2 Rd8
28. Rxd8+ Bxd8 29. Rc1 Bf6 30. Nd6 Rb6 31. Nb5 Nxb5 32. Bxf6 gxf6 33. axb5 Rxb5
34. Rc8+ Kf7 35. Rc7+ Kg6 36. Rxa7 e5 37. Kf3 h5 38. h4 Rb8 39. Rc7 Rb6 40. Ke2
e4 41. Rc4 Rb8 42. f3 exf3+ 43. Kxf3 Rb5 44. Kf4 Kf7 45. Rc7+ Kg6 46. Rd7 Kh6
47. Kf3 Kg6 48. Ke2 Rb8 49. Rd5 Rb7 50. Kf3 Re7 51. Rb5 Re4 52. Rb7 Kh6 53. Rd7
Re5 54. Rb7 Re4 55. Rb5 Kg6 56. Kf2 Rg4 57. Rd5 Re4 58. Rd4 Kf7 59. Kf3 Rxd4 60.
exd4 Ke7 61. Kf4 Ke6 62. d5+ Kxd5 63. Kxf5 Kd4 64. g4 hxg4 65. Kxg4 Ke4 66. h5
f5+ 67. Kh3 1-0

[Event "45th Olympiad 2024"]
[Site "Budapest HUN"]
[Date "2024.09.16"]
[Round "6.30"]
[Board "3"]
[White "Kantans, Toms"]
[Black "Mushore, Emarald Takudzwa"]
[Result "1-0"]
[WhiteTitle "GM"]
[WhiteElo "2486"]
[BlackElo "2150"]
[WhiteTeam "Latvia"]
[BlackTeam "Zimbabwe"]
[WhiteFideId "11602945"]
[BlackFideId "11309504"]
[EventDate "2024.09.11"]

1. e4 e5 2. Nf3 Nc6 3. Bb5 a6 4. Ba4 Nf6 5. O-O b5 6. Bb3 Be7 7. Qe2 O-O 8. c3
d5 9. d3 Bg4 10. h3 Bh5 11. Bg5 dxe4 12. dxe4 Na5 13. Bc2 h6 14. Bh4 g5 15. Bg3
Bd6 16. Nbd2 Qe7 17. b4 Nb7 18. a4 c6 19. Ra2 Rac8 20. Bb3 Nd7 21. axb5 axb5 22.
Ra7 Rc7 23. Rfa1 Kg7 24. Nf1 Bg6 25. Ne3 Nf6 26. Ng4 Nxe4 27. Bxe5+ f6 28. Bxd6
Nbxd6 29. Rxc7 Qxc7 30. Nd4 Bf7 31. Bxf7 Qxf7 32. f3 c5 33. fxe4 cxd4 34. e5 f5
35. Nf2 Nc4 36. cxd4 Qd5 37. Qd3 Rf7 38. Re1 Kf8 39. Nd1 f4 40. Nc3 1-0